000 00269nam a22001217a 4500
003 SGT
082 _a320
_bG97B
100 _aBABBAR, GURCHARAN SINGH
245 _aGOVERNMENT ORGANISED: CARNAGE
260 _bBABBAR PUBLICATIONS
_c1997
300 _a248
942 _2ddc
_cBK
999 _c29285
_d29285